000 01331namaa22003251i 4500
005 20260408113342.0
008 260408s1995 u a|||fr|m|| 000 0 eng d
040 _aEG-GICUC
_beng
_cEG-GICUC
_dEG-GICUC
_erda
041 0 _aeng
_beng
_bara
049 _aDeposit
097 _aM.Sc
099 _aCai01.11.24.M.Sc.1995.Hi.C
100 0 _aHisham M .Hosny Abd El-Rahman ,
_epreparation.
245 1 0 _aCraniofacial anomalies /
_cBy Hisham M .Hosny Abd El-Rahman ; Supervised. Prof. Dr. Taha M. El-Shewy , Prof. Dr. Mahmoud Abou Steit , Prof. Dr. Mohsen Salem ,
_bRemainder of title /
246 1 5 _aالعيوب الخلقية الوجهجمجمية
264 0 _c2023.
300 _a 104 Leaves :
_billustrations ;
_c30 cm. +
336 _2rda content
_atext
337 _2rdamedia
_aUnmediated
338 _2rdacarrier
_avolume
502 _a Thesis (M.Sc.) -Cairo University, 1995
504 _aBibliography: pages 93 : 104
653 0 _aCraniofacial anomalies
700 0 _aTaha M. El-Shewy
_ethesis advisor.
700 0 _aMahmoud Abou Steit
_ethesis advisor.
700 0 _aMohsen Salem
_ethesis advisor.
900 _D Department of Oothalmology
_FFaculty of Medicine
_U Cairo University
_b1995
_cTaha M. El-Shewy
_cMahmoud Abou Steit
_cMohsen Salem
_dTaha M. El-Shewy
905 _aNagat
942 _2ddc
_cTH
_e21
_n0
999 _c179300